000 01113nam a2200337Ia 4500
999 _c29636
_d29636
003 BJBSDDR
005 20230410103958.0
007 ta
008 070122s2006 sp a 000 0 spa d
020 _a8472903222
020 _a9788472903227
029 1 _aPL#
_b070000420
035 _a(OCoLC)ocm79461557
035 _a(OCoLC)79461557
040 _aXS#
_cXS#
_bspa
041 _aspa
050 1 4 _aJL 2631
_bC537 2006
082 0 0 _a320.983
245 0 0 _aChile :
_bpolítica y modernización democrática /
_cManuel Alcántara Sáez y Leticia M. Ruiz Rodríguez (eds.).
260 _aBarcelona :
_bEdiciones Bellaterra,
_cc2006.
300 _a357 p. ;
_c22 cm.
440 0 _aSerie General universitaria ;
_v58
504 _aIncluye referencias bibliográficas (p. [337]-354).
650 4 _aDemocracia
_zChile
_y1989-
_9411
651 4 _aChile
_xPolítica y gobierno
_y1989-
_9931
651 4 _aChile
_xCondiciones sociales
_y1989-
_914218
700 1 _aAlcántara Sáez, Manuel,
_d1952-
_eeditor
_918445
700 1 _aRuiz Rodríguez, Leticia M.
_eeditor
_96918
942 _2lcc
_cBK
946 _aLspaulino